[Event "Southwest Class-ch 8th"]
[Site "Fort Worth"]
[Date "2017.02.17"]
[Round "2"]
[White "Obili, Abhishek"]
[Black "Lederer, Yoav"]
[Result "1/2-1/2"]
[WhiteElo "1986"]
[BlackElo "2317"]
[PlyCount "68"]
[EventDate "2017.02.16"]
[EventType "swiss"]
[EventRounds "9"]
[EventCountry "USA"]
[SourceTitle "EXT 2018"]
[Source "ChessBase"]
[SourceDate "2017.10.13"]
[SourceVersion "1"]
[SourceVersionDate "2017.10.13"]
[SourceQuality "1"]

1. e4 c5 2. Nf3 e6 3. Qe2 Nc6 4. g3 d6 5. Bg2 Nf6 6. 0-0 Be7 7. c3 e5 8. Rd1 0-0 9. d4 Qc7 10. dxc5 dxc5 11. h3 Rb8 12. Na3 a6 13. Nc4 Be6 14. Ncxe5 Nxe5 15. Nxe5 Qxe5 16. Bf4 Qh5 17. g4 Qg6 18. Bxb8 Rxb8 19. e5 Ne8 20. f4 Bc8 21. f5 Qb6 22. Bd5 Nc7 23. c4 Qh6 24. Qf3 b5 25. b3 bxc4 26. bxc4 Rb2 27. Rab1 Qb6 28. Rxb2 Qxb2 29. Qb3 Qxb3 30. axb3 Bg5 31. Kf2 Kf8 32. Bc6 Ke7 33. Kf3 h6 34. Ke4 Bh4 1/2-1/2